000 01317nam a2200373 i 4500
001 000033258
003 DO-SdBNP
005 20250422190119.0
006 a||||fr|||| 00| 0
007 ta
008 090904e1977 dr r 000 0 spa d
040 _aDO-SdBNP
_bspa
_cDO-SdBNP
_erda
082 4 _a345.729305
_bR426c,1977
_222
110 1 _aRepública Dominicana:
_9447
_bSuprema Corte de Justicia
_eautor
240 1 3 _a[ Leyes, etc.]
245 1 0 _aCódigo penal /
_cpreparado y anotado por Abigail A. Coiscou.
246 1 3 _aCódigo penal de la República Dominicana
250 _a7a. edición
264 1 _aSanto Domingo :
_bEditorial del Caribe,
_c19 77
300 _a533 páginas ;
_c23 cm.
336 _2rdacontent
_atexto
_btxt
337 _2rdamedia
_asin mediación
_bn
338 _2rdacarrier
_avoumen
_bnc
500 _aIncluye bibliografía y notas al pie de páginas.
500 _aIncluye tabla alfabética
590 _aInventariado, 2023 / MF
650 7 _aJurisprudencia
_zRepública Dominicana
_921317
650 7 _aDerecho penal
_xLegislación
_zRepública Dominicana
_916570
650 7 _2Lemb
_aProcedimiento penal
_zRepública Dominicana
_976986
650 7 _aLeyes
_zRepública Dominicana
_93033
700 1 _aCoiscou, Abigail A.
_919671
942 _2ddc
_cLBS1
956 _aVMateo
999 _c32749
_d32749